Currencies of Countries Before the Euro's Adoption - Statistics

General Stats
  • This quiz has been taken 25 times
  • The average score is 10 of 17
Answer Stats
Country Currency Withdrawal Year % Correct
Belgium Franc 1999
100%
Germany Deutsche Mark 1999
92%
Italy Lira 1999
92%
Cyprus Pound 2008
92%
Bulgaria Lev 2026
72%
Austria Schilling 1999
68%
Greece Drachma 2001
60%
Portugal Escudo 1999
60%
Spain Peseta 1999
60%
Slovakia Koruna 2009
52%
Netherlands Guilder 1999
44%
Croatia Kuna 2023
44%
Finland Markka 1999
36%
Slovenia Tolar 2007
32%
Estonia Kroon 2011
24%
Latvia Lats 2014
20%
Lithuania Litas 2015
12%
No matching quizzes found
Score Distribution
Percent of People with Each Score
Percentile by Number Answered
Your Score History
You have not taken this quiz